000
00217 a2200097 4500
001
16327
100
_a
M Amin
245
_a
Tareequ-e-Jadeed Kamil (Vol-I)
260
_a
_b
Muktab Daarul Aloom
_c
090
_c
12499
_d
12499
942
_a
NUST-CAE
_c
M
_c
2779
999
_c
251400
_d
251400